Catálogo
Digital

Catálogo
Digital

Tratados , Convenios y Protocolos sobre la protección de menores (Record no. 14085)

MARC details
000 -CABECERA
campo de control de longitud fija 01983nam a2200301 4500
003 - IDENTIFICADOR DEL NÚMERO DE CONTROL
campo de control EC-UNACH
005 - FECHA Y HORA DE LA ÚLTIMA TRANSACCIÓN
campo de control 20251024170055.0
006 - CÓDIGOS DE INFORMACIÓN DE LONGITUD FIJA--CARACTERÍSTICAS DEL MATERIAL ADICIONAL
campo de control de longitud fija s||||gr|||| 00| 00
008 - DATOS DE LONGITUD FIJA--INFORMACIÓN GENERAL
campo de control de longitud fija 150116t9999 mx r gr 000 0 spa d
020 ## - NÚMERO INTERNACIONAL ESTÁNDAR DEL LIBRO
Número Internacional Estándar del Libro 978-9978-17-317-6
040 ## - FUENTE DE LA CATALOGACIÓN
Centro catalogador/agencia de origen EC-UNACH
Centro/agencia transcriptor EC-UNACH
041 ## - CÓDIGO DE LENGUA
Código de lengua del texto/banda sonora o título independiente spa
082 04 - NÚMERO DE LA CLASIFICACIÓN DECIMAL DEWEY
Número de edición 23
Número de clasificación 340.56
Número de documento/Ítem L017876
110 ## - ENTRADA PRINCIPAL--NOMBRE DE ENTIDAD CORPORATIVA
Nombre de entidad corporativa o nombre de jurisdicción como elemento de entrada Editorial jurídica del Ecuador
245 ## - MENCIÓN DE TÍTULO
Título Tratados , Convenios y Protocolos sobre la protección de menores
250 ## - MENCIÓN DE EDICIÓN
Mención de edición Primera edición
264 ## - Producción, publicación, distribución, fabricación y copyright
Lugar de producción, publicación, distribución, fabricación Ecuador
Nombre del de productor, editor, distribuidor, fabricante Editorial jurídica del Ecuador
Fecha de de producción, publicación, distribución, fabricación o copyright 2011
300 ## - DESCRIPCIÓN FÍSICA
Extensión 307
505 ## - NOTA DE CONTENIDO CON FORMATO
Nota de contenido con formato - - Tratados , convenios y protocolos - Convención sobre los derechos de los niños - Convención interamericana sobre trafico internacional de menores - Convención interamericana sobre la restitución internacional de menores - Convenio sobre aspectos civiles de la sustracción internacional de menores - Convención de las naciones unidas contra la delincuencia organizada transnacional - Protocolos - Protocolo facultativo de la convención sobre los derechos del niño relativo a la participación de niños en los conflictos armados - Protocolo para prevenir reprimir y sancionar la trata de personas especialmente mujeres niños que complementa la convención de las naciones unidas contra la delincuencia organizada transnacional - Convenios internacionales de protección al trabajo infantil - Convenio relativo al examen medico de aptitud para el empleo de los menores en trabajos no industriales - Convenio sobre la abolición del trabajo forzoso - Convenio sobre la edad mínima de admisión al empleo - Convenio sobre las peores formas de trabajo infantil.
650 ## - PUNTO DE ACCESO ADICIONAL DE MATERIA--TÉRMINO DE MATERIA
Término de materia o nombre geográfico como elemento inicial Normas generales
650 ## - PUNTO DE ACCESO ADICIONAL DE MATERIA--TÉRMINO DE MATERIA
Término de materia o nombre geográfico como elemento inicial Autoridad central
650 ## - PUNTO DE ACCESO ADICIONAL DE MATERIA--TÉRMINO DE MATERIA
Término de materia o nombre geográfico como elemento inicial Protección de las victimas de la trata de personas
700 ## - PUNTO DE ACCESO ADICIONAL--NOMBRE DE PERSONA
Nombre de persona Editorial jurídica del Ecuador
942 ## - ELEMENTOS DE PUNTO DE ACCESO ADICIONAL (KOHA)
Fuente del sistema de clasificación o colocación Clasificación Decimal Dewey
Tipo de ítem Koha Libros
999 ## - NÚMEROS DE CONTROL DE SISTEMA (KOHA)
Koha biblionumber 14085
Holdings
Estado de pérdida Fuente del sistema de clasificación o colocación Estado dañado No para préstamo Localización permanente Ubicación/localización actual Ubicación en estantería Fecha de adquisición Fuente de adquisición Número de inventario Total de préstamos Signatura topográfica completa Código de barras Fecha visto por última vez Precio válido a partir de Tipo de ítem Koha Centro de costos
  Clasificación Decimal Dewey     Biblioteca Campus Norte Biblioteca Campus Norte Facultad de Ciencias Políticas y Administrativas - Generalidades 24/10/2025 Transitoria segunda Resolución N°0311-CU-UNACH-SE-ORD-16-09-24 39932770   340.56 TRA L017876 L017876 24/10/2025 24/10/2025 Libros  

Powered by Koha